| 000 | 01539nam a2200409 i 4500 | ||
|---|---|---|---|
| 001 | 193164 | ||
| 003 | SpMaBN | ||
| 005 | 20250825062646.0 | ||
| 007 | ta | ||
| 008 | 230915s2023 sp a | |||| 000 p spa | ||
| 017 |
_aB 11184-2023 _bOficina Depósito Legal Barcelona |
||
| 020 | _a9788409510580 | ||
| 040 |
_aSpMaBN _bspa _cSpMaBN _erda _dES-MaACL |
||
| 080 | _a821.134.2-14"19" | ||
| 080 | _a75 Villeneuve, Charles | ||
| 100 |
_aSantiso, Javier, _d1969- _eaut _9234222 |
||
| 245 | 1 | 3 |
_aEl hotel / _cJavier Santiso, Charles Villeneuve |
| 250 | _aPrimera edición: mayo de 2023 | ||
| 264 | 1 |
_aBarcelona : _bLa Cama Sol, _c2023 |
|
| 300 |
_a93 páginas : _bilustraciones (color) ; _c24 cm |
||
| 336 |
_aTexto _aImagen fija _2rdacontent |
||
| 337 |
_asin mediación _2rdamedia |
||
| 338 |
_avolumen _2rdacarrier |
||
| 500 | _aEn el lomo: 43 | ||
| 500 | _aEjemplar 309 de una tirada de 500 ejemplares | ||
| 600 | 1 | 0 |
_aVilleneuve, Charles, _d1971- _9234537 |
| 655 | 7 |
_aPoesías _2tgfbne _9176539 |
|
| 655 | 7 |
_aLibros ilustrados _2tgfbne _9193653 |
|
| 655 | 7 |
_aLibros ilustrados _2tgfbne _9193653 |
|
| 700 | 1 |
_aVilleneuve, Charles, _d1971- _eart _9234537 |
|
| 852 |
_aES-MaACL _9200522 _jN-9379 _cDEPOJ _bR.154567 _hDonación: Javier Santiso _f309/500 _xEncuadernación rústica con solapas |
||
| 903 |
_aSantiso, Javier, _d1969- _ednr _9234222 |
||
| 942 |
_n0 _cMONOGRAFIA |
||
| 999 |
_c193164 _d193164 |
||